000 00550nam a22001817a 4500
003 OSt
005 20250822014224.0
008 250822b |||||||| |||| 00| 0 eng d
020 _a1-900826-29-1.
040 _aDWC-Main Lib
_cOC
082 _aCirc.
100 _aPAOLIN, DAVIDE
245 _aFrom rice to risotto :
_bculture and creativity in the Italian Kitchen/
_cPAOLIN, DAVIDE
260 _aLondon :
_bCartago,
_cc1999.
300 _a143 pages : co
_bcolor illustrations ;
_c27 cm.
650 _aRisotto
942 _2ddc
_cBK-CIRC
_hCirc.
_n0
999 _c4133
_d4133